| 000 -LEADER |
| fixed length control field |
00692nam a22001337a 4500 |
| 040 ## - CATALOGING SOURCE |
| Transcribing agency |
RUA |
| 082 ## - DEWEY DECIMAL CLASSIFICATION NUMBER |
| Classification number |
AGR SUY B1-458 Or. |
| 100 ## - MAIN ENTRY--AUTHOR NAME |
| Personal name |
SUY TANG Y,ស៊ុយ តាំងអ៊ី |
| 245 ## - TITLE STATEMENT |
| Title |
COMPARISION OF DIFFERENT RATES OF CHICKEN MANUREON ON GROWTH AND YIELD OF CULLANTRO (Eryngium foetidum),ប្រៀបធៀបលាមកមាន់ក្នុងកម្រិតខុសគ្នាទៅលើការលូតលាស់ និងទិន្នផលដំណាំជីរណា |
| 260 ## - PUBLICATION, DISTRIBUTION, ETC. (IMPRINT) |
| Place of publication |
phnom penh |
| Name of publisher |
rua |
| Year of publication |
2023 |
| 300 ## - PHYSICAL DESCRIPTION |
| Number of Pages |
ix.28p. |
| Other physical details |
ill. |
| Dimensions |
29cm. |
| 856 ## - ELECTRONIC LOCATION AND ACCESS |
| Uniform Resource Identifier |
https://drive.google.com/file/d/19X3PLk2bMbC98nxLEqlV_Lg5DOZJdhUm/view?usp=sharing |
| 942 ## - ADDED ENTRY ELEMENTS (KOHA) |
| Koha item type |
AGR |
| 952 ## - LOCATION AND ITEM INFORMATION (KOHA) |
| Withdrawn status [LOCAL, KOHA] |
0 |
| 952 ## - LOCATION AND ITEM INFORMATION (KOHA) |
| Withdrawn status [LOCAL, KOHA] |
0 |
| 952 ## - LOCATION AND ITEM INFORMATION (KOHA) |
| Withdrawn status [LOCAL, KOHA] |
0 |
| 952 ## - LOCATION AND ITEM INFORMATION (KOHA) |
| Withdrawn status [LOCAL, KOHA] |
0 |